000 01099nam2a22002411 4500
001 rc\3612792
005 20250610082450.0
021 _aRU
_b[75-13304]
035 _a(NLR Aleph) 007817545
090 _a7732910
_c7732910
100 _a20130115d1974 |||y0rusy50 ca
101 0 _arus
102 _aRU
105 _aa z |||||
200 0 _aЧ. 1
210 _d1974
_aБ. м.
215 _a103 с.
_cил.
461 0 _1001rc\3612791
_12001#$aКрай наш Орловский$eУчеб. пособие по истории для учащихся 7-8 кл.$fПод ред. канд. ист. наук З.А. Виткова. Ч. 1-$vЧ. 1
_1700#1$aКострица$bА.Ф.$gАндрей Федорович
_97732908
_aКострица, А.Ф.
_cТула
_d1974-
_fПод ред. канд. ист. наук З.А. Виткова. Ч. 1-
_nПриок. кн. изд-во
_oУчеб. пособие по истории для учащихся 7-8 кл.
_tКрай наш Орловский
_vЧ. 1
801 0 _aRU
_bNLR
_gpsbo
801 1 _aRU
_bELAR
_2rusmarc
852 _aNLR
_j75-3/52
942 _cBOOK
980 _aNB